De l'organisation d'un service de santé pour les indigents des campagnes (Record no. 153055)

MARC details
000 -LEADER
campo de control de longitud fija 00807nam a22001695i 4500
001 - NÚMERO DE CONTROL
campo de control 153055
003 - IDENTIFICADOR DE NÚMERO DE CONTROL
campo de control ES-MaACL
005 - FECHA Y HORA DE LA ÚLTIMA TRANSACCIÓN
campo de control 20230906205013.0
008 - DATOS DE LONGITUD FIJA--INFORMACIÓN GENERAL
campo de control de longitud fija 050805s1852 fr | |||||||| ||fre d
040 ## - FUENTE DE CATALOGACIÓN
Centro catalogador/agencia de origen CAM
Lengua de catalogación spa
Centro/agencia transcriptor CAM
100 1# - ENTRADA PRINCIPAL--NOMBRE DE PERSONA
Nombre de persona Cazin, François-Joseph.
9 (RLIN) 126407
245 10 - MENCIÓN DEL TÍTULO
Título De l'organisation d'un service de santé pour les indigents des campagnes
Resto del título : considérée au point de vue adminstratif, hygiénique & thérapeutique /
Mención de responsabilidad, etc. par F.-J. Cazin.
260 ## - PUBLICACIÓN, DISTRIBUCIÓN, ETC.
Lugar de publicación, distribución, etc. Paris :
Nombre del editor, distribuidor, etc. chez Labé, libraire-éditeur,
Fecha de publicación, distribución, etc. 1852 (
Lugar de fabricación/manufactura Reims :
Fabricante Imp. de P. Regnier)
300 ## - DESCRIPCIÓN FÍSICA
Extensión 68 p. ;
Dimensiones 20 cm.
650 04 - PUNTO DE ACCESO ADICIONAL DE MATERIA--TÉRMINO DE MATERIA
Término de materia o nombre geográfico como elemento de entrada Asistencia sanitaria-
Subdivisión geográfica Francia.
9 (RLIN) 10375
852 ## - LOCALIZACIÓN
Ubicación ES-MaACL
Número de control de estantería R-1367(4)
Nota libre -- Enc. hol.
-- -- Enc. en un vol. facticio, formando parte de la col. facticia: "Colección de memorias médicas"
-- .- Donat. Mateo Seoane
Holdings
Estatus retirado Estado de pérdida Estado de daño No para préstamo Colección Biblioteca de origen Biblioteca actual Ubicación en estantería Fecha de adquisición Fuente de adquisición Total de préstamos Signatura topográfica completa Código de barras Visto por última vez Precio de reemplazo Tipo de ítem Koha
        Libros del s. XIX Biblioteca del Ateneo de Madrid Biblioteca del Ateneo de Madrid Depósito 17/01/2008     R-1367(4) 1159896 23/02/2023 23/02/2023 Libro impreso antiguo